Câu tiếng Việt và việc luyện câu cho học sinh tiểu học

שמור ב:
מידע ביבליוגרפי
מחבר ראשי: Nguyễn Quý Thành
פורמט: ספר
שפה:Vietnamese
יצא לאור: H. 2007
נושאים:
תגים: הוספת תג
אין תגיות, היה/י הראשונ/ה לתייג את הרשומה!
Thư viện lưu trữ: Mạng thư viện Đại học Đà Nẵng
LEADER 01075nam a2200313 4500
001 000015541
003 11924
005 20120530080526.0
008 120530s2007 viesd
041 0 |a vie 
082 |a 372.6  |b NG-T 
100 0 |a Nguyễn Quý Thành 
245 0 |a Câu tiếng Việt và việc luyện câu cho học sinh tiểu học  |c Nguyễn Quý Thành(chủ biên) 
260 |a H.  |c 2007 
300 |a 202 tr.  |c 27 cm 
500 |a Tài liệu đào tạo giáo viên tiểu học trình độ đại học 
653 |a Câu tiếng Việt 
653 |a Luyện câu 
653 |a Tiểu học 
OWN |a LSP 
AVA |a UDN50  |b LSP  |d 372.6 NG-T  |e available  |t Error 5001 Not defined in file expand_doc_bib_avail.  |f 2  |g 0  |h N  |i 0  |k 1 
999 |a From the UDN01 
AVA |a UDN50  |b LSP  |d 372.6 NG-T  |e available  |t Error 5001 Not defined in file expand_doc_bib_avail.  |f 2  |g 0  |h N  |i 0  |k 1 
TYP |a Monograph 
TYP |a Printed language 
980 |a Mạng thư viện Đại học Đà Nẵng